| 000 | 00473nam a2200181Ia 4500 | ||
|---|---|---|---|
| 008 | 230711s9999||||xx |||||||||||||| ||und|| | ||
| 020 | _a978-0-07-014680-8 | ||
| 041 | _aENG | ||
| 082 |
_a658.1511 _bMO-M |
||
| 100 | _aMote,V.L | ||
| 245 | 0 | _aManagerial economics concepts and cases | |
| 250 | _a1st Ed. | ||
| 260 |
_c2011 _aNew Delhi _bTata McGraw Hill Education Limited |
||
| 300 | _a354 | ||
| 650 | _aUNIVESITY BUSNIESS SCHOOL | ||
| 700 | _aPaul,Samuel | ||
| 942 | _cBK | ||
| 999 |
_c5430 _d5430 |
||